000 00496nam a2200169 i 4500
001 141696
003 ES-MaACL
005 20230906200340.0
007 t|
008 070926s1968 sp ||||1| spa d
100 1 _aVranckx, Luc.
_9115757
245 1 0 _aSociología de la pastoral /
_cL. Vranckx ; [versión por Alfonso Ortega].
260 _aBarcelona :
_bJuan Flors,
_c[1968]
300 _aXI, 136 p. ;
_c22 cm.
700 1 _aOrtega, Alfonso.
_987391
852 _aES-MaACL
_jC-37150
_bR.68296
999 _c141696
_d141696